Mačiatko /

Hlavní autor: Eilert-Overbeck, Brigitte
Další autoři: Wegler, Monika, 1949-
Jazyk: Slovenština
Vydáno: Praha : Jan Vašut, 2009
Vydání: 1. slovenské vyd.
Edice: Ako na to
Témata:
Fyzický popis: 64 s. : barev. il. ; 20 cm
Knihy
Uloženo v:
LEADER 01606nam a2200469 a 4500
001 nkc20092012348
003 CZ PrNK
005 20190107094734.0
007 ta
008 091125s2009 xr a e f 001 0 slo
015 |a cnb002012348 
020 |a 978-80-7236-644-6  |q (brož.) 
035 |a (OCoLC)505914901 
040 |a OLA001  |b cze  |d ABA001 
041 1 |a slo  |h ger 
072 7 |a 636  |x Chov zvířat. Živočišná výroba  |2 Konspekt  |9 24 
080 |a 636.8"464"  |2 MRF 
080 |a 636.08  |2 MRF 
080 |a (035)  |2 MRF 
100 1 |a Eilert-Overbeck, Brigitte  |7 xx0079027  |4 aut 
245 1 0 |a Mačiatko /  |c autorka Brigitte Eilert-Overbeck ; fotografie Monika Wegler a iní autori ; [preklad Mária Jakubičková] 
250 |a 1. slovenské vyd. 
260 |a Praha :  |b Jan Vašut,  |c 2009 
300 |a 64 s. :  |b barev. il. ;  |c 20 cm 
490 1 |a Ako na to 
500 |a Přeloženo z němčiny 
504 |a Obsahuje bibliografické odkazy a rejstřík 
650 0 7 |a koťata  |7 ph1018911  |2 czenas 
650 0 7 |a chov domácích zvířat  |7 ph119200  |2 czenas 
650 0 9 |a kittens  |2 eczenas 
650 0 9 |a young animals  |2 eczenas 
650 0 9 |a keeping of domestic animals  |2 eczenas 
655 7 |a příručky  |7 fd133209  |2 czenas 
655 9 |a handbooks and manuals  |2 eczenas 
700 1 |a Wegler, Monika,  |d 1949-  |7 jn20001005501  |4 pht 
765 0 |t Unser Kätzchen  |9 Slovensky 
830 0 |a Ako na to  |0 s 
910 2 |a BOA001  |b 1-1234.125 
990 |a BK 
995 |a 01 
991 |b 200912  |c NOV 
996 6 |b 2610403294  |c 1-1234.125  |l MZK  |r Sklad / do 1 hodiny  |n 0  |p p.v.  |w 001099280  |u 000010  |a 1  |e BOA001  |j MZK50  |s P